| 000 | 01187nam0a2200349 4500 | ||
|---|---|---|---|
| 001 | RU\NLR\bibl\356810 | ||
| 005 | 20250621155403.0 | ||
| 010 |
_a5-699-00320-7 _bВ пер. _95000 |
||
| 021 |
_aRU _b2002-53369 _92592 |
||
| 035 | _a(NLR Aleph) 000351459 | ||
| 090 |
_a278621 _c278621 |
||
| 100 | _a20021226d2002 |||y0rusy50 ca | ||
| 101 | 0 | _arus | |
| 102 | _aRU | ||
| 105 | _aa ||||||||| | ||
| 200 | 1 |
_aБолезни собак _fТ. К. Донская, М. А. Нарусбаева |
|
| 210 |
_aСПб. _cСова _aМ. _cЭКСМО _d2002 |
||
| 215 |
_a538 с. _cил. _d14 |
||
| 606 | 0 |
_aСобаки _jСправочники _xБолезни _9904756 _3RU\NLR\auth\669573 |
|
| 610 | 0 | _aСобаки - Болезни | |
| 675 |
_a619:616-08:636.7 _v3 _zrus |
||
| 686 |
_a68.41 _2rugasnti |
||
| 686 |
_a48 _2rubbk |
||
| 686 | _aП871.53я29 | ||
| 700 | 1 |
_aДонская _bТ. К. _gТатьяна Константиновна _4070 |
|
| 701 | 1 |
_aНарусбаева _bМ. А. _gМарина Александровна _4070 |
|
| 801 | 0 |
_aRU _bRKP _c20021226 _gPSBO |
|
| 801 | 1 |
_aRU _bRKP _c20021226 |
|
| 801 | 2 |
_aRU _bNLR _c20030203 _grcr |
|
| 942 | _cBOOK | ||
| 980 | _aNB | ||